|
|
|
|
| LEADER |
01247nam a22002777a 4500 |
| 001 |
41761 |
| 003 |
BD-DhAAL |
| 008 |
230924r2003 bg a|||| |||| 001 0 ben d |
| 020 |
|
|
|a 9840743244
|
| 040 |
|
|
|a BD-DhAAL
|c BD-DhAAL
|
| 041 |
|
|
|a ben
|
| 082 |
|
|
|a 590
|2 23
|
| 100 |
|
|
|a কবির, সৈয়দ মোহাম্মদ হুমায়ুন.
|9 55556
|
| 245 |
|
|
|a সাধারণ প্রাণীবিদ্যা /
|c সৈয়দ মোহাম্মদ হুমায়ুন কবির.
|
| 246 |
|
|
|a Sadharan pranibiddah
|
| 246 |
|
|
|a General zoology
|
| 260 |
|
|
|a ঢাকা :
|b বাংলা একাডেমী,
|c ২০০৩.
|
| 300 |
|
|
|a ৪৪৭ পৃষ্ঠা :
|b চিত্র ;
|c ২২ সে.মি.
|
| 500 |
|
|
|a নির্ঘণ্ট অন্তর্ভুক্ত।
|
| 526 |
|
|
|a BIED
|
| 541 |
|
|
|a Complimentary copy from BIED
|e 41761
|
| 650 |
|
|
|a Zoology.
|9 36510
|
| 852 |
|
|
|a Ayesha Abed Library
|c BIED Collection
|
| 942 |
|
|
|2 ddc
|c BK
|
| 999 |
|
|
|c 46155
|d 46155
|
| 952 |
|
|
|0 0
|1 0
|2 ddc
|4 0
|6 590_000000000000000_KAB
|7 0
|9 74414
|a BRACUL
|b BRACUL
|c GEN
|d 2023-09-24
|e Complimentary copy from BIED
|g 200.00
|l 0
|o 590 KAB
|p 3010041761
|r 2023-09-24
|t 1
|w 2023-09-24
|y BK
|x Transferred from BIED to General Stacks
|